000
00325nam a22001457a 4500
999
_c
54947
_d
54947
008
190927b ||||| |||| 00| 0 eng d
020
_a
9780323016322
041
_a
eng
080
_a
618.2
082
_a
618.2
100
_a
1
101
_a
INF
245
_a
Leading and Managing in Nursing
_c
Wise.P.S.Y
942
_2
udc
_c
BK